Статистический временник Российской империи. Сер. 3, вып. 20: Движение населения в Европейской России за 1881 год (Запись № 4594511)
[ простой вид ]
| 000 -МАРКЕР | |
|---|---|
| контрольное поле | 02671nam2a22003731 4500 |
| 001 - ИДЕНТИФИКАТОР ЗАПИСИ | |
| контрольное поле | RU\NLR\INFOCOMM18\1000229586 |
| 005 - ИДЕНТИФИКАТОР ВЕРСИИ | |
| контрольное поле | 20260407110301.0 |
| 035 ## - ДРУГИЕ СИСТЕМНЫЕ НОМЕРА | |
| Идентификатор записи | (NLR Aleph) 002378617 |
| 100 ## - ДАННЫЕ ОБЩЕЙ ОБРАБОТКИ | |
| Данные общей обработки | 20041205d1887 |||y0rusy50 ca |
| 101 0# - ЯЗЫК РЕСУРСА | |
| Язык текста, звукозаписи и т.д. | русский |
| -- | французский |
| Язык оглавления | французский |
| 102 ## - СТРАНА ПУБЛИКАЦИИ ИЛИ ПРОИЗВОДСТВА | |
| Страна публикации | Российская Федерация |
| 105 ## - ПОЛЕ КОДИРОВАННЫХ ДАННЫХ: ТЕКСТОВЫЕ МАТЕРИАЛЫ, МОНОГРАФИЧЕСКИЕ | |
| Кодированные данные о монографическом текстовом документе | y i|||||||| |
| 200 1# - ЗАГЛАВИЕ И СВЕДЕНИЯ ОБ ОТВЕТСТВЕННОСТИ | |
| Основное заглавие | Движение населения в Европейской России за 1881 год |
| Сведения, относящиеся к заглавию | [статистические таблицы, разработанные в Центральном статистическом комитете Министерства внутренних дел |
| Параллельное заглавие | Mouvement de la population de la Russie d'Europe en 1881 |
| Сведения, относящиеся к заглавию | tableaux statistiques, publiés par le Comité central de statistique de la Russie |
| Первые сведения об ответственности | разраб. под наблюдением ст. ред. Ком. П.В. Охочинского] |
| Язык параллельного заглавия | французский |
| 210 ## - ПУБЛИКАЦИЯ, РАСПРОСТРАНЕНИЕ И ДР. | |
| Дата издания, распространения и т.д. | 1887 |
| Место издания, распространения и т.д. | Б. м. |
| 215 ## - ФИЗИЧЕСКАЯ ХАРАКТЕРИСТИКА | |
| Специфическое обозначение материала и объем | [7], VIII, 385 с. |
| Размеры | 26 |
| 300 ## - ОБЩИЕ ПРИМЕЧАНИЯ | |
| Текст примечания | Загл. корешка: Движение населения за 1881 год |
| 300 ## - ОБЩИЕ ПРИМЕЧАНИЯ | |
| Текст примечания | Часть текста парал. на рус. и фр. яз. |
| 316 ## - ПРИМЕЧАНИЯ ОБ ОСОБЕННОСТЯХ ЭКЗЕМПЛЯРА | |
| Текст примечания | Экз. РНБ на шифре 18.220.3.3-20 со штампом Библиотеки Николая II: "Собственная Его Величества Библиотека в Зимнем Дворце" |
| Организация и экземпляр, к которому относится поле | NLR: 18.220.3.3-20 |
| 461 #0 - УРОВЕНЬ НАБОРА | |
| Встроенное поле | 001RU\NLR\INFOCOMM18\1000229536 |
| -- | 2001#$aСтатистический временник Российской империи$vСер. 3, вып. 20 |
| Системный номер (АБИС) связанной записи | 4594371 |
| Место публикации | С.-Петербург |
| Дата публикации | 1866 - 1890 |
| Имя издателя, распространителя и т.д. | Центральный статистический комитет Министерства внутренних дел |
| Заглавие | Статистический временник Российской империи |
| Номер тома | Сер. 3, вып. 20 |
| 510 1# - ПАРАЛЛЕЛЬНОЕ ЗАГЛАВИЕ | |
| Параллельное заглавие | Mouvement de la population de la Russie d'Europe en 1881 |
| Сведения, относящиеся к заглавию | tableaux statistiques, publiés par le Comité central de statistique de la Russie |
| Язык заглавия | французский |
| 516 1# - ЗАГЛАВИЕ НА КОРЕШКЕ [ИЗДАНИЯ] | |
| Заглавие на корешке | Движение населения за 1881 год |
| 702 #1 - ИМЯ ЛИЦА - ВТОРИЧНАЯ ОТВЕТСТВЕННОСТЬ | |
| Начальный элемент ввода | Охочинский |
| Часть имени, кроме начального элемента ввода | П. В. |
| Даты | - 1909 |
| Расширение инициалов личного имени | Петр Владимирович |
| Код отношения | Редактор |
| 702 #0 - ИМЯ ЛИЦА - ВТОРИЧНАЯ ОТВЕТСТВЕННОСТЬ | |
| Код отношения | Бывший владелец |
| Материалы, к которым относится поле | rus |
| Графика поля | Кириллица |
| Начальный элемент ввода | Николай |
| Дополнения к именам, кроме дат | император российский |
| Римские цифры | II |
| Даты | 1868-1918 |
| Идентификатор авторитетной/нормативной записи | RU\NLR\AUTH\773750 |
| Системный номер авторитетной/нормативной записи | 113742 |
| 712 01 - НАИМЕНОВАНИЕ ОРГАНИЗАЦИИ - ВТОРИЧНАЯ ОТВЕТСТВЕННОСТЬ | |
| Код отношения | Прочие |
| Начальный элемент ввода | Россия |
| Структурное подразделение | Центральный статистический комитет |
| Идентификатор авторитетной/нормативной записи | RU\NLR\AUTH\889938025 |
| Системный номер авторитетной/нормативной записи | 370861 |
| 801 #1 - ИСТОЧНИК ЗАПИСИ | |
| Страна | Российская Федерация |
| Организация | InfoComm |
| Дата составления | 20041205 |
| 801 #0 - ИСТОЧНИК ЗАПИСИ | |
| Страна | Российская Федерация |
| Организация | NLR |
| Правила каталогизации | PSBO |
| 852 ## - МЕСТОНАХОЖДЕНИЕ И ШИФР ХРАНЕНИЯ | |
| Идентификатор организации | NLR |
| Шифр хранения (Call Number) | 18.220.3.3-20 |
| 852 ## - МЕСТОНАХОЖДЕНИЕ И ШИФР ХРАНЕНИЯ | |
| Идентификатор организации | NLR |
| Шифр хранения (Call Number) | 132/2793-20 |
| 942 ## - ДОПОЛНИТЕЛЬНЫЕ ЭЛЕМЕНТЫ ЗАПИСИ (АБИС) | |
| Тип экземпляра АБИС | Выпуск |
| 980 ## - КОЛЛЕКЦИЯ | |
| Название коллекции | Национальная библиография |
| 980 ## - КОЛЛЕКЦИЯ | |
| Название коллекции | Русская периодика |
Нет доступных экземпляров.